Vzťah medzi telesnou a technickou pripravenosťou a tréningovým zaťažením v basketbale, hádzanej a volejbale v kategórii staršieho dorastu

Bibliographic Details
Main Author: Zapletalová, Ľudmila (Author)
Format: Article
Language:Slovak
Subjects:

MARC

LEADER 00000nab a2200000 a 4500
001 vtls000349833
003 SK-MaSNL
005 20260303192702.0
008 111201c1989 xo 0 slo
015 |a SNBRB19rr/mm-uuuuu 
035 |a CL0349955 
040 |a SNKBUCL  |b slo  |c SNKBUCL  |e AACR2 
041 0 |a slo 
044 |a xo  |c SK 
080 |a 796.323.015-053.6  |2 1981 
080 |a 796.322.015-053.6  |2 1981 
080 |a 796.325.015-053.6  |2 1981 
100 1 |a Zapletalová, Ľudmila  |4 aut  |9 267132 
245 1 0 |a Vzťah medzi telesnou a technickou pripravenosťou a tréningovým zaťažením v basketbale, hádzanej a volejbale v kategórii staršieho dorastu  |c Ľudmila Zapletalová 
650 0 7 |a basketbal  |2 snkbucl  |9 3290 
650 0 7 |a hádzaná  |2 snkbucl  |9 3292 
650 0 7 |a volejbal  |2 snkbucl  |9 3294 
655 7 |a články z novín a časopisov  |2 snkbucl  |9 267496 
773 0 |t Tréner  |g Roč. 33, č. 2 (1989), s. 111-114 
850 |a Slovenská národná knižnica v Martine  |a MTA001 
852 |a SNK  |b KIS3GCP 
958 |a RK 
992 |a RBX 
999 |c 2148021  |d 2149951